Introduction to Pharmaceutical Analysis/ (Record no. 176255)

MARC details
000 -LEADER
fixed length control field 00752nam a22002057a 4500
005 - DATE AND TIME OF LATEST TRANSACTION
control field 20201207162227.0
010 ## - LCCN (DPL NO)
LC control number ENG-128630
020 ## - INTERNATIONAL STANDARD BOOK NUMBER
International Standard Book Number 978-93-89354-08-9
Terms of availability 350.00
035 ## - SYSTEM CONTROL NUMBER
System control number EN-112162
037 ## - SOURCE OF ACQUISITION
Source of stock number/acquisition DBAD/PUB
082 ## - DEWEY DECIMAL CLASSIFICATION NUMBER
Classification number 615.1901
100 ## - MAIN ENTRY--PERSONAL NAME
Personal name Badwaik, Hemant R.
245 ## - TITLE STATEMENT
Title Introduction to Pharmaceutical Analysis/
Statement of responsibility, etc Hemant R. Badwaik, Shiv Shankar Shukla, and D. K. Tripathi
260 ## - PUBLICATION, DISTRIBUTION, ETC. (IMPRINT)
Place of publication, distribution, etc Hyderabad
Name of publisher, distributor, etc BS Publications
Date of publication, distribution, etc 2020
270 ## - ADDRESS
City Hyderabad
Postal code 500095
Address 4-4-309/316, Giriraj Lane, Sultan Bazar, Hyderabad
Electronic mail address info@pharmamedpress.com
Telephone number 040-23445688, 23445600
300 ## - PHYSICAL DESCRIPTION
Extent xii+277p.
Dimensions 24cm(pbk)
Other physical details Including Index.
700 ## - ADDED ENTRY--PERSONAL NAME
Personal name Shukla, Shiv Shankar
700 ## - ADDED ENTRY--PERSONAL NAME
Personal name Tripathi, D. K.
942 ## - ADDED ENTRY ELEMENTS (KOHA)
Source of classification or shelving scheme Dewey Decimal Classification
Item type English Books
Classification part 615.1901
Call number suffix BAD
Holdings
Withdrawn status Lost status Not for loan Collection code Home library Current library Date acquired Source of acquisition Cost, normal purchase price Full call number Barcode Copy number Cost, replacement price Koha item type
      Non-fiction Central Library Central Library 07/12/2020 DBAD/PUB 350.00 615.1901 BAD EN-112162 1 350.00 English Books

© Delhi Public Library
Hit Counter
free hit counter